Коммуникативный аспект формирования личности (специфика информационного общества); Актуальные проблемы социальной философии

Bibliografiske detaljer
Parent link:Актуальные проблемы социальной философии.— 2004.— С. 34-36
Hovedforfatter: Арляпова Е. В. Елена Викторовна
Sprog:russisk
Udgivet: 2004
Fag:
Format: Book Chapter
KOHA link:https://koha.lib.tpu.ru/cgi-bin/koha/opac-detail.pl?biblionumber=176881

MARC

LEADER 00000naa2a2200000 4500
001 176881
005 20231031165413.0
035 |a (RuTPU)RU\TPU\book\191787 
090 |a 176881 
100 |a 20100309d2004 k y0rusy50 ca 
101 0 |a rus 
102 |a RU 
200 1 |a Коммуникативный аспект формирования личности (специфика информационного общества)  |f Е. В. Арляпова 
320 |a Библиогр.: 7 назв. 
463 0 |0 (RuTPU)RU\TPU\book\76422  |y 5-98298-079-9  |t Актуальные проблемы социальной философии  |o труды региональной научно-практической конференции, Томск, 28-29 октября 2004 г.  |f Томский политехнический университет  |v С. 34-36  |d 2004  |p 160 с. 
610 1 |a личность 
610 1 |a коммуникативность 
610 1 |a информационное общество 
610 1 |a воспитание 
610 1 |a труды учёных ТПУ 
700 1 |a Арляпова  |b Е. В.  |c специалист в области социальных коммуникаций  |c доцент Томского политехнического университета, кандидат философских наук  |f 1971-  |g Елена Викторовна  |2 stltpush  |3 (RuTPU)RU\TPU\pers\24727 
801 1 |a RU  |b 63413507  |c 20100309 
801 2 |a RU  |b 63413507  |c 20121224  |g RCR 
942 |c BK